New York Giants 2022-2023 Roster - Statistics

General Stats
  • This quiz has been taken 190 times
  • The average score is 11 of 28
Answer Stats
Hint Answer % Correct
QB Daniel Jones
100%
RB Saquan Barkley
90%
TE Rickey Seals-Jones
86%
QB Tyrod Taylor
82%
WR Sterling Shepard
65%
LT Andrew Thomas
64%
RB Matt Breida
64%
WR Kenny Golladay
62%
K Graham Gano
56%
LDE Dexter Lawrence
54%
WR Kadarius Toney
49%
RDE Leonard Williams
44%
CB Adoree Jackson
43%
SS Xavier McKinney
42%
FS Julian Love
34%
C Jon Feliciano
27%
SCB Darnay Holmes
25%
P Jamie Gillan
23%
RMLB Blake Martinez
22%
RG Mark Glowinski
22%
CB James Bradberry
18%
LMLB Tae Crowder
16%
LG Shane Lemieux
14%
LOLB Quincy Roche
5%
ROLB Azeez Ojluari
1%
RT Matt Gono
1%
NT David Moa
0%
TE Jake Hausmann
0%
No matching quizzes found
Score Distribution
Percent of People with Each Score
Percentile by Number Answered
Your Score History
You have not taken this quiz